| 000 | 00904cam a22003133a 4500 | ||
|---|---|---|---|
| 001 | 16403395 | ||
| 003 | LC | ||
| 005 | 20160317154737.0 | ||
| 008 | 890825r19891973nyu 000 1 eng d | ||
| 010 | _a 97820867 | ||
| 020 |
_a9780553281798 _c$5.95 |
||
| 035 | _a(OCoLC)ocm20256088 | ||
| 040 |
_aJED _cJED _dIXA _dDLC |
||
| 050 | 0 | 0 |
_aPZ 4 _b.L966t 1973 |
| 082 |
_aFIC _bL96t 1989 |
||
| 100 | 1 |
_aLudlum, Robert, _d1927- _920108 |
|
| 245 | 1 | 0 |
_aTrevayne / _cRobert Ludlum. |
| 250 | _aBantam ed. | ||
| 260 |
_aNew York : _bBantam Books, _cc1973. |
||
| 300 |
_aviii, 469 p. ; _c18 cm. |
||
| 562 | _e1 | ||
| 650 |
_aFiction _9746 |
||
| 655 | 7 |
_aSuspense fiction. _2gsafd _96032 |
|
| 655 | 7 |
_aSpy stories. _2gsafd _94765 |
|
| 710 | 2 |
_aCopyright Paperback Collection (Library of Congress) _5DLC _9705 |
|
| 906 |
_a7 _bcbc _ccopycat _d2 _encip _f19 _gy-genrareb |
||
| 942 |
_2lcc _cBK |
||
| 999 |
_c11390 _d11390 |
||